Tutela judicial y administrativa del medio ambiente.
Saved in:
| Hovedforfatter: | |
|---|---|
| Format: | Ukendt |
| Udgivet: |
Santiago, Chile:
DER Ediciones,
2023.
|
| Udgivelse: | Primera edición |
| Serier: | Monografías
|
| Fag: | |
| Tags: |
Tilføj Tag
Ingen Tags, Vær først til at tagge denne postø!
|
MARC
| LEADER | 00000 a2200000 4500 | ||
|---|---|---|---|
| 003 | CL-VaPUC | ||
| 005 | 20240731154747.0 | ||
| 008 | 230424t2023 ||||| |||| 00| 0 eng d | ||
| 999 | |c 440608 |d 440606 | ||
| 020 | |a 978-956-405-126-0 | ||
| 040 | |c Pontificia Universidad Católica de Valparaíso | ||
| 082 | |2 22 |a 344.83046 HUN 2023 | ||
| 100 | |a Hunter Ampuero, Iván A |e autor |9 594371 | ||
| 245 | |a Tutela judicial y administrativa del medio ambiente. | ||
| 250 | |a Primera edición | ||
| 260 | |a Santiago, Chile: |b DER Ediciones, |c 2023. | ||
| 300 | |a t.I: 592 páginas. | ||
| 490 | |a Monografías | ||
| 505 | |a Tomo I: Recurso de protección, recursos administrativos y tribunales ambientales. | ||
| 583 | |k Catalogador Asistente |c 20230424 | ||
| 650 | 0 | |9 257835 |a Derecho ambiental |x Tribunales ambientales y Corte Suprema |x Ley Nº 20.600 |z Chile | |
| 650 | 0 | |9 257835 |a Derecho ambiental |v Aspecto jurisdiccional |x Ley sobre bases generales del medio ambiente |x Ley Nº 19.300 |z Chile | |
| 650 | 0 | |a Recursos administrativos |v Análisis crítico |x Aspectos medioambientales |z Chile |9 881934 | |
| 942 | |2 ddc |c BK | ||
| 952 | |0 0 |1 0 |2 ddc |4 0 |6 344_830460000000000_HUN_2023 |7 0 |8 A |9 589767 |a BIBDER |b BIBDER |d 2023-04-24 |e 22 |g 59999.80 |h t.I |i 5657266 |l 7 |m 3 |o 344.83046 HUN 2023 |p 5657266 |r 2024-11-27 |s 2024-11-19 |t 1 |v 59999.80 |w 2023-04-24 |y BK |k DER | ||